Countries Containing the Letter "Y" - Statistics

General Stats
  • This quiz has been taken 150 times
    102 since last reset
  • The average score is 14 of 19
Answer Stats
Answer % Correct
Yemen
92%
Uruguay
85%
Paraguay
84%
Hungary
80%
Italy
79%
Syria
79%
Guyana
77%
Malaysia
77%
Norway
77%
Germany
76%
Kyrgyzstan
73%
Egypt
72%
Turkey
72%
Kenya
71%
Myanmar
71%
Libya
67%
Cyprus
59%
Seychelles
59%
Vatican City
56%
No matching quizzes found
Score Distribution
Percent of People with Each Score
Percentile by Number Answered
Your Score History
You have not taken this quiz since the last reset